000 00604nam a2200193Ia 4500
001 9567
003 GE_BSU
008 181216s||||||||xx |||||||||||||| ||und||
040 _cGE_BSU
245 _aКлиническая медицина.№3.Том 92.2014
245 _bЕжемесячный Научно-практический журнал.
245 _cГл. ред. Симоненко В.Б. и др.
260 _aМосква
260 _bИзд-во медицина
260 _c2014
300 _a80стр.29см.
653 _aКлиническая медицина.
942 _cCR
999 _c42859
_d42859